Guess the Fusion Rock Song Lyrics #149 - Statistics

General Stats
  • This quiz has been taken 9 times
  • The average score is 248 of 326
Answer Stats
Answer % Correct
are
100%
go
100%
I
100%
is
100%
it
100%
just
100%
love
100%
Love
100%
me
100%
the
100%
to
100%
To
100%
Yes
100%
you
100%
You
100%
away
86%
be
86%
Be
86%
can't
86%
Don't
86%
don't
86%
for
86%
if
86%
I'll
86%
I'm
86%
know
86%
my
86%
one
86%
want
86%
what
86%
where
86%
your
86%
you're
86%
You're
86%
any
71%
baby
71%
But
71%
hear
71%
make
71%
not
71%
oh
71%
Oh
71%
only
71%
or
71%
Or
71%
say
71%
so
71%
These
71%
thing
71%
think
71%
were
71%
will
71%
everything
57%
fire
57%
Here
57%
life
57%
lover
57%
mine
57%
now
57%
ought
57%
right
57%
stay
57%
they
57%
way
57%
with
57%
wrong
57%
Boy
43%
crazy
43%
deny
43%
desire
43%
Even
43%
may
43%
money
43%
Rufus
43%
shady
43%
strong
43%
sweet
43%
Though
43%
walk
43%
whole
43%
words
43%
cannot
29%
funny
29%
heat
29%
long
29%
mind
29%
satisfy
29%
sound
29%
talking
29%
wish
29%
Woah
29%
ya
29%
act
14%
undercover
14%
weak
14%
child
0%
No matching quizzes found
Score Distribution
Percent of People with Each Score
Percentile by Number Answered
Your Score History
You have not taken this quiz